01365nam a2200325Ia 4500001001200000003000800012006001900020007001500039008004100054040002100095035002100116050002800137245012100165246005400286246004200340260004800382300001800430490004900448504004100497533015200538650003200690650003400722650003900756650002500795655002900820710003000849710001700879856012600896999001701022ebr10041244CaPaEBRm u cr cn|||||||||090615s2003 maua sb 000 0 eng d aCaPaEBRcCaPaEBR a(OCoLC)56799443714aQA76.9.H85bT767 2003eb00aTRN topic bundleh[electronic resource] :pComputer interfaces :bimproving the human-computer working relationship.30aimproving the human-computer working relationship3 aTechnology Research News topic bundle aBoston :bTechnology Research News,c[2003] a12 p. :bill.0 aTRN's topic bundle ;v2002 (January to June) aIncludes bibliographical references. aElectronic reproduction.bPalo Alto, Calif. :cebrary,d2011.nAvailable via World Wide Web.nAccess may be limited to ebrary affiliated libraries. 0aHuman-computer interaction. 0aInteractive computer systems. 0aUser interfaces (Computer systems) 0aComputer interfaces. 7aElectronic books.2local2 aTechnology Research News.2 aebrary, Inc.40uhttp://site.ebrary.com/lib/rucke/Doc?id=10041244zAn electronic book accessible through the World Wide Web; click to view c61074d61074